000 01592nam0a2200325 i 4500
001 RU\NLR\BIBL_A\010887657
005 20240921151753.0
010 _a9785000810545
_9100
021 _aRU
_b2015-83405
_95086
035 _a(NILC)RuMoRGB-008054657
035 _a(NLR Aleph) 010887657
090 _a10534817
_c10534817
100 _a20151112d2015 u y0rusy50 ca
101 0 _arus
_aeng
102 _aRU
105 _ay|||j||||||y|
200 1 _aMarket leader: intermediate business english
_eучебное пособие
_e[по деловому английскому языку]
_fЕ. В. Карсанова
_gМ-во образования и науки Российской Федерации, Федеральное гос. бюджетное образовательное учреждение высш. проф. образования "Северо-Осетинский гос. ун-т им. К. Л. Хетагурова"
210 _aВладикавказ
_cИПЦ ИП Цопанова А. Ю.
_d2015
215 _a100 с.
_d20
300 _aНа обл. авт.: E.V. Karsanova
320 _aБиблиогр.: с. 98
606 1 _aАнглийский язык
_xУчебные издания для экономистов
_92396228
_3RU\NLR\AUTH\661428668
675 _a811.111
686 1 _aШ143.21-93рус329.3
700 1 _7ca
_8rus
_aКарсанова
_bЕ. В.
_gЕлена Васильевна
_9211779
_3RU\NLR\AUTH\770211835
801 0 _aRU
_bРГБ
_c20151028
_gRCR
801 1 _aRU
_bРГБ
_c20151028
_2rusmarc
942 _cBOOK
980 _aNBR